02042nam a2200421Ki 4500001000900000003000900009005001700018008004100035020001800076020001500094035002200109040003300131082002000164245007800184264006300262300004400325336002700369337002900396338002800425500007400453504004200527505081200569526001001381526001001391526001001401526001001411526000801421526000801429526000801437526000801445526000801453526000801461526000801469630004701477650001901524700002901543830004801572PE-LiUPUPE-LiUPU20250731173601.0210715s2020 mdu b 000 0 eng d a9780925675378 a0925675377 a(OCoLC)1260257212 aPE-LiUPUbengerdacPE-LiUPU 223a220.6bB58200aBiblical hermeneutics :bAn Adventist approach /cFrank M. Hasel, editor. 4aSilver Spring, MD :bBiblical Research Institute,c©2020. axvi, 488 páginas ;c23 centímetros. atextbtxt2rdacontent. aunmediatedbn2rdamedia. avolumebnc2rdacarrier. aInclude contents: Contributors and Abbreviation at starting the book. aIncluye referencias bibliográficas. aPresuppositions in Hermeneutics -- Elements of Biblical Hermeneutics in Harmony with Scripture´s Self-Claims -- Variants, Versions, and the Trustworthiness of Scripture -- History, the Bible, and Hermeneutics-- Culture, Hermeneutics, and Scripture: Discerning What is Universal-- Faith, Science and the Bible-- Principles of Biblical Interpretation -- Inner-Biblical Hermneutics: The Use of Scripture by Bible Writers -- Understanding Biblical Apocalyptic -- Conditional Prophecies About Israel: Some Hermeneutical Considerations -- The Genesis Account as a Test Case for Biblical Hermenutics-- A Survey of Seventh- day Adventist Presupositions, Perceptions, and Methods of Biblical Interpretation (1845- 1910) -- The Prophetic Gift and Sola Scriptura -- Recent Trends in Methods of Biblical Interpretation aSEG42 aSEG41 aSEG40 aSEG39 aP94 aP87 aP86 aP85 aP77 aP76 aP3524aBiblia.xCrítica, interpretación, etc.14aHermenéutica1 aHasel, Frank H.eeditor. 0aBiblical Research Institute Studies ;vv.3.